World Currencies Quiz Stats

 Plays Quiz Updated Oct 29, 2018

Score 0/30 Timer 06:00
12 Plays Today
Country Currency % Correct
AustraliaDollar
94.8%
GermanyEuro
88.1%
JapanYen
86.1%
MexicoPeso
72.6%
IndiaRupee
63.4%
EgyptPound
57.7%
SwitzerlandFranc
53.6%
RussiaRuble
50.5%
China (PRC)Yuan
43.1%
DenmarkKrone
40.3%
TurkeyNew Lira
35.6%
South AfricaRand
34.4%
ThailandBaht
31.8%
IsraelNew Sheqel
31.7%
IraqDinar
30.8%
Country Currency % Correct
PolandZłoty
26.8%
BrazilReal
26.5%
Vietnamđồng
25.5%
Korea, North and SouthWon
23.6%
KenyaShilling
19.9%
IranRial
17.5%
IndonesiaRupiah
16.1%
CzechiaKoruna
15.4%
VenezuelaBolívar
15.2%
MalaysiaRinggit
14.9%
BangladeshTaka
12.8%
RomaniaLeu
11.9%
EthiopiaBirr
9%
GhanaCedi
8.4%
NigeriaNaira
8.4%

You're not logged in!

Compare scores with friends on all Sporcle quizzes.
OR
Log In

Sporcle TV

Today on Sporcle TV


Watch our educational content, quiz creation guides, and fun videos on Sporcle TV.

Show Comments

Extras

Top Quizzes Today


Score Distribution

Your Account Isn't Verified!

In order to create a playlist on Sporcle, you need to verify the email address you used during registration. Go to your Sporcle Settings to finish the process.

Report this User

Report this user for behavior that violates our Community Guidelines.

Details: